000 00767nam a2200205 a 4500
003 0
005 20250208104259.0
008 130824s19uu xx 00 eng d
050 _aPHS LB 3013
_b.L477 2013
100 _aLee, Jin Woo (David).
245 _aCorporal punishment and level of rebellion of grade 11 students /
_cLee, Jin Woo (David).
260 _aLas PiƱas City, Philippines :
_bSouthville International School and Colleges,
_c2013.
300 _a33 pages :
_billustrations ;
_c28 cm.
504 _aIncludes bibliographical references.
650 _aCorporal punishment
_vEducational aspects.
650 _aStudent discipline
_vSchools.
650 _aRebellious behavior
_vAdolescence.
650 _aHigh school students
_vBehavior.
942 _2lcc
_cPASS
999 _c98969
_d98969